| 000 | 00604nam a2200205 i 4500 | ||
|---|---|---|---|
| 001 | 71773 | ||
| 003 | ES-MaACL | ||
| 005 | 20230906171226.0 | ||
| 007 | t| | ||
| 008 | 040818s1925 it ||||1| ita d | ||
| 100 | 1 |
_aGhersi, Italo. _956562 |
|
| 245 | 1 | 0 |
_aMetodi por risolvere i problemi di Geometría elementari / _cdell Italo Ghersi. |
| 250 | _a3ª ed. accres. | ||
| 260 |
_aMilano : _bUlrico Hoepli, _c1925 ( _fTip. Soziale) |
||
| 300 |
_a282 p. ; _c17 cm. |
||
| 490 | 1 | _aManuales Hoepli | |
| 830 | 0 |
_aManuales Hoepli _9231088 |
|
| 852 |
_aES-MaACL _jF-15807 _bR.20061 |
||
| 999 |
_c71773 _d71773 |
||